K problematike uplatňovania výkonu ochranného dohľadu

Bibliographic Details
Main Author: Demeter, Miroslav (Author)
Format: Article
Language:Slovak
ISSN:1335-6461
Subjects:

MARC

LEADER 00000nab a2200000 a 4500
001 vtls008839892
003 SK-MaSNL
005 20260304143646.0
008 250505c2006 xo mr|p|||||||000 b|slo
015 |a SNBRB2006/08 
035 |a (uuid)d22c38aa-a4f0-45ec-becb-93ccc684288c 
035 |a urn:nbn:sk:snk-abxoa 
035 |a (urnnbn)urn:nbn:sk:snk:ar-003ff6 
038 |a SNKBUCL 
040 |a SNKBUCL  |b slo  |c SNKBUCL  |e AACR2 
041 0 |a slo 
044 |a xo  |c SK 
080 |a 343.848  |2 1997 
100 1 |a Demeter, Miroslav  |4 aut  |9 1127179 
245 1 0 |a K problematike uplatňovania výkonu ochranného dohľadu  |c Miroslav Demeter 
650 0 7 |a ochranný dohľad  |2 snkbucl  |9 1464702 
773 0 |t Justičná revue  |g Roč. 58, č. 6-7 (2006), s. 902-905  |x 1335-6461 
850 |a Slovenská národná knižnica 
852 |a Slovenská národná knižnica 
954 |a odborná, vedecká literatúra pôvodná (slovenská)  |2 lita 
958 |a article27 
958 |a OND 
958 |a SK 
958 |a EUIPO 
999 |c 2926821  |d 2928751